Robotics Technology and Flexible Automation (Record no. 5108)

MARC details
000 -LEADER
fixed length control field 00371nam a2200157Ia 4500
003 - CONTROL NUMBER IDENTIFIER
control field OSt
008 - FIXED-LENGTH DATA ELEMENTS--GENERAL INFORMATION
fixed length control field 191201s2012 xx 000 0 und d
082 ## - DEWEY DECIMAL CLASSIFICATION NUMBER
Classification number 629.89
Item number DER
100 ## - MAIN ENTRY--PERSONAL NAME
Personal name DEB,S.R
245 #0 - TITLE STATEMENT
Title Robotics Technology and Flexible Automation
250 ## - EDITION STATEMENT
Edition statement Rep
260 ## - PUBLICATION, DISTRIBUTION, ETC. (IMPRINT)
Place of publication, distribution, etc New Delhi
Name of publisher, distributor, etc S.K.Kataria
Date of publication, distribution, etc 2012
300 ## - PHYSICAL DESCRIPTION
Extent 763
650 ## - SUBJECT ADDED ENTRY--TOPICAL TERM
Topical term or geographic name as entry element M.Tech (ME)
942 ## - ADDED ENTRY ELEMENTS (KOHA)
Source of classification or shelving scheme Dewey Decimal Classification
Koha item type Text Books
Holdings
Withdrawn status Lost status Source of classification or shelving scheme Damaged status Not for loan Collection code Home library Current library Date acquired Source of acquisition Cost, normal purchase price Bill Number Total Checkouts Full call number Acc. no. / Barcode Date last seen Bill Date Koha item type Date last borrowed
    Dewey Decimal Classification     B.Tech(ME) PIET C-LIBRARY PIET C-LIBRARY 28/11/2011 Valley Book House 425.00 258   629.89 DER 18685 04/12/2019 18/11/2011 Text Books  
    Dewey Decimal Classification     B.Tech(ME) PIET C-LIBRARY PIET C-LIBRARY 28/11/2011 Valley Book House 425.00 258   629.89 DER 18686 04/12/2019 18/11/2011 Text Books  
    Dewey Decimal Classification     B.Tech(ME) PIET C-LIBRARY PIET C-LIBRARY 28/11/2011 Valley Book House 425.00 258 1 629.89 DER 18687 09/12/2021 18/11/2011 Text Books 27/11/2021
    Dewey Decimal Classification     B.Tech(ME) PIET C-LIBRARY PIET C-LIBRARY 28/11/2011 Valley Book House 425.00 258   629.89 DER 18688 04/12/2019 18/11/2011 Text Books  
    Dewey Decimal Classification     B.Tech(ME) PIET C-LIBRARY PIET C-LIBRARY 28/11/2011 Valley Book House 425.00 258   629.89 DER 18689 04/12/2019 18/11/2011 Text Books  

Design & Developed by: PIET Central Library
R70 Miles Stone Pattikalyana Samalkha Panipat 132102
mail ID :- [email protected], Phone No:- 0180-2569700 Ex.216